Top 20 Countries with Highest Population Percentage at Risk of Rising Sea Levels - Statistics

General Stats
  • This quiz has been taken 85 times
  • The average score is 13 of 20
Answer Stats
Rank Country Percentage % Correct
15 United Kingdom 4%
84%
4 Japan 10%
83%
6 Bangladesh 7%
79%
1 Netherlands 47%
79%
13 Indonesia 4%
78%
16 Malaysia 4%
77%
8 Philippines 7%
74%
3 Thailand 12%
71%
2 Vietnam 26%
71%
14 Denmark 4%
70%
10 Belgium 6%
69%
17 China 4%
66%
12 Taiwan 4%
66%
20 Ireland 3%
64%
19 Cambodia 3%
60%
5 Myanmar 9%
60%
9 Bahrain 6%
58%
7 United Arab Emirates 7%
55%
11 Oman 5%
48%
18 Hong Kong 3%
5%
No matching quizzes found
Score Distribution
Percent of People with Each Score
Percentile by Number Answered
Your Score History
You have not taken this quiz